书目信息 |
| 题名: |
语言学论集
|
|
| 作者: | ;东北师大学报编辑部 编 | |
| 分册: | ||
| 出版信息: | 沈阳 东北师大学报编辑部 1980.12 |
|
| 页数: | 290页 | |
| 开本: | 19cm | |
| 丛书名: | 东北师大社会科学丛书 | |
| 单 册: | ||
| 中图分类: | H0 | |
| 科图分类: | ||
| 主题词: | 语言学 | |
| 电子资源: | ||
| ISBN: | ||
| 000 | 00607nam2 2200205 45 | |
| 001 | 0404241166 | |
| 005 | 20060227154548.78 | |
| 010 | @dCNY0.91 | |
| 100 | @a20040424d1980 km y0chiy0120 ea | |
| 101 | 0 | @achi |
| 200 | 1 | @a语言学论集@AYu Yan Xue Lun Ji@f东北师大学报编辑部编@FDong Bei Shi Da Xue Bao Bian Ji Bu Bian |
| 210 | @a沈阳@c东北师大学报编辑部@d1980.12 | |
| 215 | @a290页@d19cm | |
| 225 | @a东北师大社会科学丛书@h第四辑 | |
| 410 | @12001 @a东北师大社会科学丛书 | |
| 606 | 0 | @a语言学 |
| 690 | @aH0@v3 | |
| 711 | 02 | @a东北师大学报编辑部@4编 |
| 801 | @aCN@bPftUser@c20060227 | |
| 905 | @dH0@e10@f1@b36415 | |
| 语言学论集/东北师大学报编辑部编.-沈阳:东北师大学报编辑部,1980.12 |
| 290页;19cm.-(东北师大社会科学丛书.第四辑) |
| ISBN :CNY0.91 |
| ● |
| 相关链接 |
|
|
|
|
正题名:语言学论集
索取号:H0/10
 
预约/预借
| 序号 | 登录号 | 条形码 | 馆藏地/架位号 | 状态 | 备注 |
| 1 | 0036411 | 000816424 | 第二样本阅览室/ [索取号:H0/10] | 在馆 | |
| 2 | 0036412 | 000816406 | 密集书库/ [索取号:H0/10] | 在馆 | |
| 3 | 0036413 | 202199290 | 密集书库/ [索取号:H0/10] | 在馆 | |
| 4 | 0036415 | 000816415 | 第四借阅区/ [索取号:H0/10] | 在馆 |